Quiero llegar más allá de la luz. Antología poética. Cuarto básico B 2001.

Zapisane w:
Opis bibliograficzny
1. autor: Apablaza Pezoa, Roberto (selección y presentación)
Format: Książka
Język:angielski
Wydane: Valparaíso, Chile: Colegio Aconcagua, 2003.
Wydanie:Segunda edición.
Hasła przedmiotowe:
Etykiety: Dodaj etykietę
Nie ma etykietki, Dołącz pierwszą etykiete!

MARC

LEADER 00000nam a22000007a 4500
003 CL-VaPUC
005 20241127085422.0
008 241121t2003 ||||| |||| 00| 0 eng d
999 |c 445861  |d 445859 
020 |a 956-291-836-XX 
040 |c Pontificia Universidad Católica de Valparaíso 
082 |2 22  |a Ch861.5 APA 2003 
100 |9 894095  |a Apablaza Pezoa, Roberto  |e selección y presentación 
245 |a Quiero llegar más allá de la luz.  |b Antología poética. Cuarto básico B 2001. 
250 |a Segunda edición. 
260 |a Valparaíso, Chile:  |b Colegio Aconcagua,  |c 2003. 
300 |a 93 páginas. 
500 |a c.1: Donación. Memo EDU. 14-11-2024. 
500 |a Contiene dedicatoria: "Para mi querida amiga Haydée, una muestra tangible de que es posible hacer literatura a toda edad. Con cariño inmenso, Cecilia. 23 enero 2004". 
583 |c 20241121  |k Yessy Sthefany Diaz Vidal 
650 0 |9 268403  |a Poesía chilena   |x Niños poetas  |y Siglo 21 
650 0 |9 310305  |a Poesías infantiles   |x Niños escritores  |y Siglo 21 
942 |2 ddc  |c BK 
952 |0 0  |1 0  |2 ddc  |4 0  |6 CH_861_500000000000000_APA_2003  |7 0  |8 A  |9 598175  |a BIBEDU  |b BIBEDU  |d 2024-11-21  |e Donación  |i 5663324  |o Ch861.5 APA 2003  |p 5663324  |r 2024-11-21  |t 1  |w 2024-11-21  |y BK  |k EDU